| 000 | 00536nam a2200169Ia 4500 | ||
|---|---|---|---|
| 005 | 20250423100155.0 | ||
| 008 | 250422s9999 xx 000 0 und d | ||
| 020 | _a9783330083790 | ||
| 050 | _aRS 403 .A36/ | ||
| 100 | _aAhmed Ajaz | ||
| 245 | 0 | _aMedicinal principles : chemistry and methods of their determination - approach to drug discovery | |
| 260 | _bLambert Academic Publishing | ||
| 260 | _c2017 | ||
| 300 | _a67 p | ||
| 650 | _a Pharmaceutical chemistry. Drugs--Metabolism. Drug interactions. | ||
| 942 | _cBK | ||
| 999 |
_c32502 _d32502 |
||